=LDR 00000nam 2200000 4500 =001 INLIS000000000005721 =005 20200313084754 =035 ##$$a 0010-061300000005721 =008 200313################g##########0#ind## =041 ##$$a Ind =082 ##$$a 241 =090 ##$$a 241 Sud d =100 1#$$a Sudrajat, Ajat =245 1#$$a Etika protestan dan kapitalisme barat, relevansinya dengan Islam Indonesia /$c Drs.Ajat Sudrajat =260 ##$$a Jakarta :$b Bumi Aksara,$c 1994 =300 ##$$a 170 hlm. ; $c 21 X 14 cm. =650 #4$$a Etika kristen =020 ##$$a 979-526-205-X =084 ##$$a 241 SUD e =250 ##$$a cet.1 =504 ##$$a Bibliografi :hlm.:157-162 =990 ##$$a DW00019612 =990 ##$$a DW00019612